000 00348pam a2200157a 44500
008 230515b1984 xxu||||| |||| 00| 0 eng d
020 _aNULL
041 _aENGL
082 _aPAR
100 _aPARKER SMITH
245 _aPROBLEMS IN ELECTRICAL ENGINEERING
250 _a9
260 _aNULL
_bC.B.S
_c1984
300 _a398 PB
650 _aNULL
999 _c658570
_d658570